[Event "WYCC Girls U14"]
[Site "Porto Carras"]
[Date "2015.10.26"]
[Round "2.2"]
[White "Sakorenko, Adriana"]
[Black "Kalaiyalahan, Akshaya"]
[Result "1/2-1/2"]
[BlackElo "2233"]
[WhiteElo "1935"]
[LiveChessVersion "1.4.6"]

1. e4 {[%clk 1:30:57]} c5 {[%clk 1:30:56]} 2. Nf3 {[%clk 1:31:24]} Nc6
{[%clk 1:31:19]} 3. d4 {[%clk 1:31:48]} cxd4 {[%clk 1:31:41]} 4. Nxd4
{[%clk 1:32:16]} g6 {[%clk 1:32:02]} 5. Nxc6 {[%clk 1:32:30]} bxc6
{[%clk 1:32:22]} 6. Qd4 {[%clk 1:32:52]} Nf6 {[%clk 1:32:47]} 7. e5
{[%clk 1:33:14]} Nd5 {[%clk 1:33:04]} 8. Nc3 {[%clk 1:33:30]} Nxc3
{[%clk 1:32:17]} 9. e6 {[%clk 1:33:44]} f6 {[%clk 1:26:53]} 10. Qxc3
{[%clk 1:30:05]} dxe6 {[%clk 1:26:33]} 11. Qxc6+ {[%clk 1:29:39]} Bd7
{[%clk 1:26:58]} 12. Qa6 {[%clk 1:19:17]} Qc7 {[%clk 1:21:33]} 13. c3
{[%clk 1:09:16]} Rb8 {[%clk 1:14:32]} 14. Be2 {[%clk 1:01:13]} Bg7
{[%clk 1:07:24]} 15. O-O {[%clk 0:58:16]} O-O {[%clk 1:07:34]} 16. Qc4
{[%clk 0:48:48]} Qb6 {[%clk 0:55:33]} 17. Rd1 {[%clk 0:37:45]} Rfc8
{[%clk 0:42:50]} 18. Qd4 {[%clk 0:24:27]} Qxd4 {[%clk 0:39:11]} 19. Rxd4
{[%clk 0:24:56]} Be8 {[%clk 0:39:31]} 20. Bc4 {[%clk 0:22:06]} Bf7
{[%clk 0:39:47]} 21. Bb3 {[%clk 0:21:19]} e5 {[%clk 0:35:00]} 22. Rd7
{[%clk 0:16:19]} Bxb3 {[%clk 0:30:38]} 23. axb3 {[%clk 0:16:40]} Rxb3
{[%clk 0:30:42]} 24. Raxa7 {[%clk 0:11:47]} Bf8 {[%clk 0:31:05]} 25. Kf1
{[%clk 0:10:21]} Kf7 {[%clk 0:28:56]} 26. Ke2 {[%clk 0:07:28]} f5
{[%clk 0:26:43]} 27. Rdb7 {[%clk 0:05:44]} Rxb7 {[%clk 0:25:42]} 28. Rxb7
{[%clk 0:06:14]} Ke6 {[%clk 0:24:03]} 29. Bd2 {[%clk 0:04:12]} e4
{[%clk 0:21:26]} 30. b3 {[%clk 0:03:41]} Ra8 {[%clk 0:21:07]} 31. Rb6+
{[%clk 0:01:54]} Kd7 {[%clk 0:19:19]} 32. Be3 {[%clk 0:01:15]} Ra2+
{[%clk 0:18:53]} 33. Ke1 {[%clk 0:01:06]} Bg7 {[%clk 0:17:04]} 34. c4
{[%clk 0:01:06]} Ra1+ {[%clk 0:11:14]} 35. Kd2 {[%clk 0:00:55]} Ra2+
{[%clk 0:09:04]} 36. Ke1 {[%clk 0:00:52]} Ra1+ {[%clk 0:01:57]} 37. Kd2
{[%clk 0:01:21]} Ra2+ {[%clk 0:00:54]} 38. Ke1 {[%clk 0:01:50]} Ra1+
{[%clk 0:00:39]} 39. Kd2 {[%clk 0:02:14]} Ra2+ {[%clk 0:01:04]} 40. Ke1 Ra1+
1/2-1/2

[Event "WYCC Girls U14"]
[Site "Porto Carras"]
[Date "2015.10.26"]
[Round "2.3"]
[White "Shuvalova, Polina"]
[Black "Sankova, Stella"]
[Result "1-0"]
[BlackElo "1857"]
[WhiteElo "2171"]
[LiveChessVersion "1.4.6"]

1. e4 {[%clk 1:30:56]} c5 {[%clk 1:30:49]} 2. Nf3 {[%clk 1:31:23]} e6
{[%clk 1:31:01]} 3. d3 {[%clk 1:31:51]} Nc6 {[%clk 1:29:20]} 4. g3
{[%clk 1:32:18]} g6 {[%clk 1:28:26]} 5. Bg2 {[%clk 1:30:52]} Bg7 {[%clk 1:28:46]}
6. O-O {[%clk 1:31:02]} Nge7 {[%clk 1:23:34]} 7. c3 {[%clk 1:31:00]} d5
{[%clk 1:22:41]} 8. Re1 {[%clk 1:29:25]} O-O {[%clk 1:20:16]} 9. e5
{[%clk 1:29:38]} d4 {[%clk 1:17:33]} 10. c4 {[%clk 1:29:48]} Qc7 {[%clk 1:12:22]}
11. Bf4 {[%clk 1:28:53]} Rb8 {[%clk 0:59:27]} 12. Nbd2 {[%clk 1:18:19]} h6
{[%clk 0:52:50]} 13. h4 {[%clk 1:17:54]} b5 {[%clk 0:49:00]} 14. b3
{[%clk 1:15:11]} bxc4 {[%clk 0:38:26]} 15. dxc4 {[%clk 1:14:47]} Bb7
{[%clk 0:34:27]} 16. Ne4 {[%clk 1:12:45]} Nxe5 {[%clk 0:28:24]} 17. Nxe5
{[%clk 1:11:08]} Bxe4 {[%clk 0:26:43]} 18. Nxg6 {[%clk 1:09:08]} e5
{[%clk 0:25:24]} 19. Nxe7+ {[%clk 1:09:30]} Kh8 {[%clk 0:24:20]} 20. Rxe4
{[%clk 1:09:03]} exf4 {[%clk 0:22:57]} 21. Nf5 {[%clk 1:08:27]} fxg3
{[%clk 0:22:47]} 22. fxg3 {[%clk 1:08:43]} Be5 {[%clk 0:22:02]} 23. Qh5
{[%clk 1:08:51]} 1-0

[Event "WYCC Girls U14"]
[Site "Porto Carras"]
[Date "2015.10.26"]
[Round "2.4"]
[White "Hashemi, Seyede Fatemeh"]
[Black "Antova, Gabriela"]
[Result "0-1"]
[BlackElo "2165"]
[WhiteElo "1922"]
[LiveChessVersion "1.4.6"]

1. e4 {[%clk 1:30:41]} c5 {[%clk 1:30:54]} 2. Nc3 {[%clk 1:30:51]} Nc6
{[%clk 1:31:11]} 3. f4 {[%clk 1:30:55]} g6 {[%clk 1:31:33]} 4. Nf3
{[%clk 1:30:31]} Bg7 {[%clk 1:31:55]} 5. Bb5 {[%clk 1:30:26]} Nd4
{[%clk 1:32:04]} 6. O-O {[%clk 1:29:58]} a6 {[%clk 1:32:18]} 7. Bc4
{[%clk 1:29:11]} e6 {[%clk 1:32:06]} 8. d3 Ne7 9. e5 {[%clk 1:19:23]} d5
{[%clk 1:26:44]} 10. exd6 {[%clk 1:15:11]} Qxd6 {[%clk 1:27:01]} 11. Ne4
{[%clk 1:12:56]} Qc7 {[%clk 1:23:32]} 12. c3 {[%clk 1:04:11]} Nxf3+
{[%clk 1:22:02]} 13. Qxf3 {[%clk 1:03:16]} b5 {[%clk 1:10:00]} 14. Bb3
{[%clk 0:58:02]} Bb7 {[%clk 1:10:09]} 15. Qf2 {[%clk 0:55:49]} c4
{[%clk 1:06:23]} 16. Bc2 {[%clk 0:52:51]} O-O {[%clk 1:05:03]} 17. Be3
{[%clk 0:49:52]} Nf5 {[%clk 0:59:59]} 18. Bc5 {[%clk 0:45:06]} Rfc8
{[%clk 0:54:54]} 19. d4 {[%clk 0:43:09]} Bd5 {[%clk 0:52:13]} 20. g4
{[%clk 0:35:56]} Nh6 {[%clk 0:47:36]} 21. Qh4 {[%clk 0:34:01]} f5
{[%clk 0:43:16]} 22. Ng5 {[%clk 0:25:25]} fxg4 {[%clk 0:41:24]} 23. Rae1
{[%clk 0:18:10]} Qd8 {[%clk 0:34:45]} 24. Bd1 {[%clk 0:16:25]} Rxc5
{[%clk 0:33:56]} 25. dxc5 {[%clk 0:15:35]} Bf8 {[%clk 0:34:21]} 26. Rf2
{[%clk 0:14:11]} Ra7 {[%clk 0:34:33]} 27. Bxg4 {[%clk 0:06:13]} Nxg4
{[%clk 0:33:46]} 28. Qxg4 {[%clk 0:06:33]} Bxc5 {[%clk 0:34:04]} 29. Nxe6
{[%clk 0:05:33]} Bxe6 {[%clk 0:33:16]} 30. Qxe6+ {[%clk 0:05:48]} Rf7
{[%clk 0:33:31]} 31. Qe8+ {[%clk 0:04:06]} Qxe8 {[%clk 0:34:00]} 32. Rxe8+
{[%clk 0:04:26]} Kg7 {[%clk 0:34:28]} 33. Re4 {[%clk 0:02:34]} Rd7
{[%clk 0:19:29]} 34. Ree2 {[%clk 0:01:11]} Kf6 {[%clk 0:19:05]} 35. Kg2
{[%clk 0:00:36]} Bxf2 {[%clk 0:19:27]} 36. Rxf2 {[%clk 0:00:38]} Kf5
{[%clk 0:19:29]} 37. h3 {[%clk 0:00:37]} Rd3 {[%clk 0:18:51]} 38. Kh2
{[%clk 0:00:51]} Ke4 {[%clk 0:18:16]} 39. Kg2 {[%clk 0:01:06]} Re3
{[%clk 0:13:33]} 40. Kh2 {[%clk 0:30:32]} Rf3 {[%clk 0:39:50]} 41. Rd2
{[%clk 0:27:49]} Rxf4 {[%clk 0:38:20]} 42. Kg3 {[%clk 0:26:34]} Rf6
{[%clk 0:35:48]} 43. Rd4+ {[%clk 0:21:32]} Ke3 {[%clk 0:33:26]} 44. b3
{[%clk 0:21:07]} cxb3 {[%clk 0:31:57]} 45. axb3 {[%clk 0:21:28]} Rc6
{[%clk 0:31:22]} 46. Rd7 {[%clk 0:20:42]} Rxc3 {[%clk 0:30:16]} 47. Rxh7
{[%clk 0:21:02]} Rxb3 {[%clk 0:29:17]} 48. Rg7 {[%clk 0:20:49]} a5
{[%clk 0:28:34]} 49. Rxg6 {[%clk 0:21:05]} a4 {[%clk 0:28:42]} 50. Ra6
{[%clk 0:20:13]} a3 {[%clk 0:28:31]} 51. h4 {[%clk 0:20:25]} b4 {[%clk 0:27:55]}
52. h5 {[%clk 0:20:32]} Kd2+ {[%clk 0:25:46]} 53. Kg2 {[%clk 0:19:33]} Rc3
{[%clk 0:25:52]} 54. Ra4 {[%clk 0:18:31]} Rc4 {[%clk 0:25:14]} 55. h6
{[%clk 0:16:44]} Kc3 {[%clk 0:24:46]} 56. Kg3 {[%clk 0:15:32]} Rc6
{[%clk 0:24:33]} 57. h7 {[%clk 0:15:45]} Rh6 {[%clk 0:24:51]} 58. Ra7
{[%clk 0:15:23]} Kb2 {[%clk 0:25:10]} 0-1

[Event "WYCC Girls U14"]
[Site "Porto Carras"]
[Date "2015.10.26"]
[Round "2.5"]
[White "Nayberg, Simona"]
[Black "Radeva, Viktoria"]
[Result "0-1"]
[BlackElo "2145"]
[WhiteElo "1905"]
[LiveChessVersion "1.4.6"]

1. c4 {[%clk 1:30:57]} Nf6 {[%clk 1:30:51]} 2. Nc3 {[%clk 1:31:20]} g6
{[%clk 1:31:13]} 3. g3 {[%clk 1:31:45]} Bg7 {[%clk 1:31:35]} 4. Bg2
{[%clk 1:32:08]} d6 {[%clk 1:31:52]} 5. Nf3 {[%clk 1:32:21]} O-O {[%clk 1:32:08]}
6. O-O {[%clk 1:32:43]} Nc6 {[%clk 1:32:00]} 7. d3 {[%clk 1:25:45]} e5
{[%clk 1:31:58]} 8. Rb1 {[%clk 1:26:01]} h6 {[%clk 1:28:51]} 9. b4
{[%clk 1:25:01]} Be6 {[%clk 1:27:51]} 10. b5 {[%clk 1:22:46]} Ne7
{[%clk 1:27:42]} 11. a4 {[%clk 1:17:19]} Qd7 {[%clk 1:23:43]} 12. Re1
{[%clk 1:17:28]} Bh3 {[%clk 1:20:46]} 13. Bh1 {[%clk 1:17:49]} Ng4
{[%clk 1:17:05]} 14. Qb3 {[%clk 1:17:16]} Kh8 {[%clk 1:09:20]} 15. Ba3
{[%clk 1:13:20]} b6 {[%clk 0:52:12]} 16. Ne4 {[%clk 1:01:57]} Rad8
{[%clk 0:47:07]} 17. a5 {[%clk 0:50:59]} f5 {[%clk 0:37:28]} 18. Ned2
{[%clk 0:41:47]} Qe6 {[%clk 0:33:19]} 19. axb6 {[%clk 0:39:00]} axb6
{[%clk 0:33:09]} 20. Bb2 {[%clk 0:38:08]} g5 {[%clk 0:28:54]} 21. d4
{[%clk 0:33:49]} Qf7 {[%clk 0:25:23]} 22. d5 {[%clk 0:25:41]} f4 {[%clk 0:21:12]}
23. Ra1 {[%clk 0:21:55]} Ng6 {[%clk 0:13:08]} 24. Ra7 {[%clk 0:16:16]} Nf6
{[%clk 0:11:39]} 25. Rea1 {[%clk 0:12:28]} Rde8 {[%clk 0:08:38]} 26. e4
{[%clk 0:06:17]} fxg3 {[%clk 0:06:54]} 27. hxg3 {[%clk 0:05:56]} g4
{[%clk 0:06:14]} 28. Ne1 {[%clk 0:05:23]} Nxd5 {[%clk 0:05:48]} 29. Nd3
{[%clk 0:05:06]} Nf6 {[%clk 0:05:32]} 30. Rb7 {[%clk 0:04:42]} h5
{[%clk 0:05:03]} 31. Raa7 {[%clk 0:04:09]} Re7 {[%clk 0:04:51]} 32. Qa3
{[%clk 0:02:25]} h4 {[%clk 0:03:56]} 33. Ra8 {[%clk 0:01:05]} Nh5
{[%clk 0:03:11]} 34. Kh2 {[%clk 0:01:11]} Bh6 {[%clk 0:02:38]} 35. Bc3
{[%clk 0:01:03]} hxg3+ {[%clk 0:02:24]} 36. fxg3 {[%clk 0:01:27]} Nxg3
{[%clk 0:01:11]} 37. Rxf8+ {[%clk 0:01:13]} Qxf8 {[%clk 0:01:02]} 38. Kxg3
{[%clk 0:00:43]} Bf4+ {[%clk 0:01:19]} 39. Kf2 {[%clk 0:01:01]} Bxd2+
{[%clk 0:01:41]} 40. Ke2 {[%clk 0:30:54]} Bxc3 {[%clk 0:31:47]} 41. Qxc3
{[%clk 0:30:13]} Qf1+ {[%clk 0:31:53]} 42. Kd2 {[%clk 0:30:17]} Qxh1
{[%clk 0:31:36]} 43. Qa3 {[%clk 0:29:42]} Qg2+ {[%clk 0:31:17]} 44. Kc3
{[%clk 0:29:52]} Qxe4 {[%clk 0:29:14]} 45. Qa8+ {[%clk 0:30:12]} Kg7
{[%clk 0:29:26]} 46. Qc8 {[%clk 0:28:39]} g3 {[%clk 0:27:38]} 47. Qb8
{[%clk 0:26:37]} Qd4+ {[%clk 0:27:34]} 48. Kc2 {[%clk 0:25:03]} Qxc4+
{[%clk 0:26:42]} 49. Kd2 {[%clk 0:25:19]} g2 {[%clk 0:26:43]} 50. Ra7
{[%clk 0:24:26]} g1=Q 51. Ra8 {[%clk 0:23:52]} Qg2+ {[%clk 0:27:08]} 52. Ke1
{[%clk 0:23:54]} Qce4+ {[%clk 0:27:26]} 53. Kd1 {[%clk 0:24:15]} Qxd3+
{[%clk 0:27:51]} 54. Kc1 {[%clk 0:24:39]} Qgc2# {[%clk 0:28:17]} 0-1

[Event "WYCC Girls U14"]
[Site "Porto Carras"]
[Date "2015.10.26"]
[Round "2.6"]
[White "Badelka, Olga"]
[Black "Coman, Emilia-Florentina"]
[Result "1-0"]
[BlackElo "1843"]
[WhiteElo "2145"]
[LiveChessVersion "1.4.6"]

1. d4 {[%clk 1:30:57]} e6 {[%clk 1:30:53]} 2. c4 {[%clk 1:31:21]} b6
{[%clk 1:31:19]} 3. Nc3 {[%clk 1:29:48]} Bb7 {[%clk 1:31:43]} 4. a3
{[%clk 1:26:07]} f5 {[%clk 1:30:40]} 5. d5 {[%clk 1:22:28]} e5 {[%clk 1:26:32]}
6. e4 {[%clk 1:21:30]} fxe4 {[%clk 1:22:06]} 7. Qh5+ {[%clk 1:21:04]} Ke7
{[%clk 1:12:57]} 8. Qxe5+ {[%clk 1:20:02]} Kf7 {[%clk 1:12:36]} 9. Nxe4
{[%clk 1:16:36]} h6 {[%clk 1:02:17]} 10. Be2 {[%clk 1:14:37]} Nf6
{[%clk 0:54:48]} 11. Nxf6 {[%clk 1:13:57]} gxf6 {[%clk 0:51:13]} 12. Qh5+
{[%clk 1:13:49]} Kg8 {[%clk 0:50:07]} 13. Qg6+ {[%clk 1:13:44]} Bg7
{[%clk 0:50:25]} 14. Nf3 {[%clk 1:14:01]} Qe7 {[%clk 0:47:46]} 15. Nh4
{[%clk 1:13:34]} Rh7 {[%clk 0:46:54]} 16. Be3 {[%clk 1:13:48]} Qf7
{[%clk 0:44:26]} 17. Qg3 {[%clk 1:13:29]} d6 {[%clk 0:43:47]} 18. Bg4
{[%clk 1:13:21]} Kf8 {[%clk 0:41:46]} 19. Bf5 {[%clk 1:13:13]} Rh8
{[%clk 0:41:55]} 20. Ng6+ {[%clk 1:13:26]} 1-0

[Event "WYCC Girls U14"]
[Site "Porto Carras"]
[Date "2015.10.26"]
[Round "2.7"]
[White "Priyanka, K"]
[Black "Sliwicka, Alicja"]
[Result "0-1"]
[BlackElo "2129"]
[WhiteElo "1891"]
[LiveChessVersion "1.4.6"]

1. e4 {[%clk 1:30:22]} e5 {[%clk 1:30:51]} 2. Nf3 {[%clk 1:30:29]} Nc6
{[%clk 1:31:13]} 3. Nc3 {[%clk 1:30:34]} Nf6 {[%clk 1:31:35]} 4. d4
{[%clk 1:30:57]} Bb4 {[%clk 1:31:56]} 5. d5 {[%clk 1:30:40]} Ne7 {[%clk 1:32:19]}
6. Bd3 {[%clk 1:30:31]} d6 {[%clk 1:32:41]} 7. Bd2 {[%clk 1:29:14]} O-O
{[%clk 1:32:46]} 8. Ne2 {[%clk 1:17:07]} Bc5 {[%clk 1:32:45]} 9. b4
{[%clk 1:07:40]} Bb6 {[%clk 1:32:05]} 10. c4 {[%clk 1:04:38]} Ng6
{[%clk 1:27:32]} 11. Qc1 {[%clk 1:00:08]} Qe7 {[%clk 1:24:59]} 12. h3
{[%clk 0:56:04]} Nh5 {[%clk 1:22:28]} 13. Be3 {[%clk 0:41:21]} Bxe3
{[%clk 1:18:48]} 14. fxe3 {[%clk 0:39:00]} f5 {[%clk 1:17:33]} 15. exf5
{[%clk 0:30:38]} e4 {[%clk 1:10:18]} 16. Bxe4 {[%clk 0:24:38]} Nh4
{[%clk 1:09:53]} 17. Qc2 {[%clk 0:17:14]} Nxg2+ {[%clk 1:07:14]} 18. Kf2
{[%clk 0:16:34]} Nh4 {[%clk 1:00:16]} 19. Nfd4 {[%clk 0:11:38]} Qe5
{[%clk 0:56:29]} 20. Raf1 {[%clk 0:05:02]} Bxf5 {[%clk 0:53:05]} 21. Nxf5
{[%clk 0:02:44]} Nxf5 {[%clk 0:53:21]} 22. Bxf5 {[%clk 0:02:59]} Rxf5+
{[%clk 0:53:39]} 23. Ke1 {[%clk 0:03:20]} Raf8 {[%clk 0:49:52]} 24. Qc3
{[%clk 0:00:37]} Qe4 {[%clk 0:49:01]} 25. Rfg1 {[%clk 0:00:34]} Rf3
{[%clk 0:46:06]} 26. Kd2 {[%clk 0:00:39]} Re8 {[%clk 0:45:34]} 27. Qd4
{[%clk 0:00:34]} Qxe3+ {[%clk 0:42:58]} 28. Qxe3 {[%clk 0:01:01]} Rfxe3
{[%clk 0:42:44]} 29. Rh2 {[%clk 0:00:43]} g6 {[%clk 0:40:23]} 30. Rg5
{[%clk 0:00:33]} Nf6 {[%clk 0:39:40]} 31. Rg1 {[%clk 0:00:32]} Ra3
{[%clk 0:39:17]} 32. Nc1 {[%clk 0:00:34]} Ne4+ {[%clk 0:37:49]} 33. Kc2
{[%clk 0:00:34]} Rc3+ {[%clk 0:37:46]} 34. Kb2 {[%clk 0:00:45]} Rxc4
{[%clk 0:37:13]} 35. a3 {[%clk 0:00:54]} Rd4 {[%clk 0:37:20]} 36. Re1
{[%clk 0:00:38]} Nf6 {[%clk 0:36:58]} 37. Rxe8+ {[%clk 0:00:34]} Nxe8
{[%clk 0:37:22]} 38. Re2 {[%clk 0:00:44]} Kf7 {[%clk 0:37:41]} 39. Rf2+
{[%clk 0:01:04]} Nf6 {[%clk 0:37:59]} 40. Ne2 {[%clk 0:30:35]} Rxd5
{[%clk 1:08:09]} 41. Nc3 {[%clk 0:30:48]} Re5 {[%clk 1:08:25]} 42. a4
{[%clk 0:30:11]} Ke6 {[%clk 1:08:47]} 43. Nb5 {[%clk 0:30:14]} Nd5
{[%clk 1:08:19]} 44. Rf8 {[%clk 0:29:29]} a6 {[%clk 1:06:34]} 45. Nd4+
{[%clk 0:29:05]} Kd7 {[%clk 1:06:24]} 46. Rh8 {[%clk 0:27:35]} Re7
{[%clk 1:05:42]} 47. b5 {[%clk 0:27:16]} axb5 {[%clk 1:05:50]} 48. axb5
{[%clk 0:27:35]} c5 {[%clk 1:04:26]} 49. bxc6+ {[%clk 0:27:06]} bxc6
{[%clk 1:04:52]} 50. Kc2 {[%clk 0:26:09]} c5 {[%clk 1:04:37]} 51. Nf3
{[%clk 0:25:54]} Kc6 {[%clk 1:04:19]} 52. h4 {[%clk 0:25:52]} Ne3+
{[%clk 1:03:42]} 53. Kd2 {[%clk 0:25:54]} Nf5 {[%clk 1:03:43]} 54. Rf8
{[%clk 0:25:39]} Kd5 {[%clk 1:03:45]} 55. h5 {[%clk 0:25:40]} Nd4
{[%clk 1:03:42]} 56. hxg6 {[%clk 0:25:26]} Nxf3+ {[%clk 1:03:59]} 57. Rxf3
{[%clk 0:25:51]} hxg6 {[%clk 1:04:23]} 58. Rd3+ {[%clk 0:26:14]} Kc6
{[%clk 1:04:47]} 59. Rg3 {[%clk 0:26:39]} Re6 {[%clk 1:05:10]} 60. Kd3
{[%clk 0:26:57]} d5 {[%clk 1:05:33]} 61. Rf3 {[%clk 0:27:17]} c4+
{[%clk 1:05:54]} 62. Kc3 {[%clk 0:27:41]} Kc5 {[%clk 1:06:19]} 63. Rf8
{[%clk 0:28:05]} d4+ {[%clk 1:06:43]} 64. Kd2 {[%clk 0:28:28]} Kd5
{[%clk 1:06:41]} 65. Rd8+ {[%clk 0:28:51]} Ke4 {[%clk 1:07:07]} 66. Rh8
{[%clk 0:29:13]} c3+ {[%clk 1:07:32]} 67. Kc2 {[%clk 0:29:39]} g5
{[%clk 1:07:47]} 68. Rh1 {[%clk 0:30:03]} Kd5 {[%clk 1:08:02]} 69. Rh8
{[%clk 0:30:25]} Re2+ {[%clk 1:07:55]} 70. Kd1 {[%clk 0:30:39]} c2+
{[%clk 1:08:02]} 71. Kc1 {[%clk 0:31:04]} d3 {[%clk 1:08:13]} 72. Rd8+
{[%clk 0:31:29]} Ke4 {[%clk 1:08:38]} 73. Re8+ {[%clk 0:31:53]} Kf3
{[%clk 1:09:02]} 74. Rf8+ {[%clk 0:32:19]} Kg2 {[%clk 1:09:25]} 0-1

[Event "WYCC Girls U14"]
[Site "Porto Carras"]
[Date "2015.10.26"]
[Round "2.8"]
[White "Goltseva, Ekaterina"]
[Black "Mostacero Velarde, Isabella"]
[Result "1-0"]
[BlackElo "1831"]
[WhiteElo "2114"]
[LiveChessVersion "1.4.6"]

1. d4 {[%clk 1:30:57]} d5 {[%clk 1:30:10]} 2. c4 {[%clk 1:31:16]} c6
{[%clk 1:30:26]} 3. Nc3 {[%clk 1:31:39]} Nf6 {[%clk 1:30:32]} 4. cxd5
{[%clk 1:32:01]} cxd5 {[%clk 1:30:53]} 5. Bf4 {[%clk 1:32:19]} a6
{[%clk 1:31:11]} 6. e3 {[%clk 1:32:41]} Nc6 {[%clk 1:30:28]} 7. Bd3
{[%clk 1:32:59]} b5 {[%clk 1:30:48]} 8. Rc1 {[%clk 1:29:50]} Bb7 {[%clk 1:30:33]}
9. Nf3 {[%clk 1:24:16]} e6 {[%clk 1:26:15]} 10. O-O {[%clk 1:22:17]} Bd6
{[%clk 1:26:06]} 11. Bg5 {[%clk 1:13:00]} O-O {[%clk 1:25:54]} 12. Bb1
{[%clk 1:11:52]} h6 {[%clk 1:17:21]} 13. Bh4 {[%clk 1:10:05]} g5 {[%clk 1:09:54]}
14. Nxg5 {[%clk 0:50:57]} hxg5 {[%clk 1:09:55]} 15. Bxg5 {[%clk 0:51:25]} Kg7
{[%clk 1:09:18]} 16. e4 {[%clk 0:48:38]} Rh8 {[%clk 1:09:39]} 17. e5
{[%clk 0:37:53]} Nxe5 {[%clk 1:09:42]} 18. dxe5 {[%clk 0:38:16]} Bxe5
{[%clk 1:10:05]} 19. h3 {[%clk 0:36:26]} Qb6 {[%clk 1:00:29]} 20. Re1
{[%clk 0:31:24]} Bd4 {[%clk 0:59:35]} 21. Qf3 {[%clk 0:29:50]} e5
{[%clk 0:47:30]} 22. Ne2 {[%clk 0:23:23]} e4 {[%clk 0:44:48]} 23. Qg3
{[%clk 0:17:40]} Nh5 {[%clk 0:43:56]} 24. Be3+ {[%clk 0:17:49]} Nxg3
{[%clk 0:42:16]} 25. Bxd4+ {[%clk 0:18:16]} Qxd4 {[%clk 0:42:33]} 26. Nxd4
{[%clk 0:18:43]} Nh5 {[%clk 0:42:38]} 27. Rc7 {[%clk 0:18:54]} Bc8
{[%clk 0:42:18]} 28. f3 {[%clk 0:15:20]} exf3 {[%clk 0:41:52]} 29. Nxf3
{[%clk 0:15:42]} Kf6 {[%clk 0:42:05]} 30. Ree7 {[%clk 0:12:09]} Be6
{[%clk 0:41:31]} 31. g4 {[%clk 0:12:03]} Nf4 {[%clk 0:41:25]} 32. g5+
{[%clk 0:12:18]} Kg7 {[%clk 0:41:37]} 33. Nd4 {[%clk 0:11:22]} Nxh3+
{[%clk 0:36:10]} 34. Kg2 {[%clk 0:11:36]} Nxg5 {[%clk 0:32:11]} 35. Nxe6+
{[%clk 0:11:53]} Nxe6 {[%clk 0:32:36]} 36. Rxe6 {[%clk 0:12:13]} Rhe8
{[%clk 0:31:04]} 37. Rxe8 {[%clk 0:08:52]} Rxe8 {[%clk 0:31:24]} 38. Kf2
{[%clk 0:07:08]} Kf6 {[%clk 0:30:59]} 39. Bd3 {[%clk 0:06:55]} Rh8
{[%clk 0:30:50]} 40. Be2 {[%clk 0:36:32]} Rh2+ {[%clk 0:58:28]} 41. Ke3
{[%clk 0:36:56]} Ke6 {[%clk 0:58:16]} 42. Rc6+ {[%clk 0:34:06]} Ke5
{[%clk 0:58:36]} 43. Rxa6 {[%clk 0:31:32]} f5 {[%clk 0:58:10]} 44. Ra5
{[%clk 0:28:50]} Rh3+ {[%clk 0:56:53]} 45. Kd2 {[%clk 0:22:01]} f4
{[%clk 0:55:41]} 46. Rxb5 Rh2 {[%clk 0:55:49]} 47. Rb3 {[%clk 0:21:56]} Ke4
{[%clk 0:54:34]} 48. a4 1-0

[Event "WYCC Girls U14"]
[Site "Porto Carras"]
[Date "2015.10.26"]
[Round "2.9"]
[White "Caballero Quijano, Mitzy Mishe"]
[Black "Afonasieva, Anna"]
[Result "0-1"]
[BlackElo "2093"]
[WhiteElo "1848"]
[LiveChessVersion "1.4.6"]

1. d4 {[%clk 1:30:56]} d5 {[%clk 1:30:40]} 2. Nf3 {[%clk 1:31:10]} Nf6
{[%clk 1:30:55]} 3. e3 {[%clk 1:31:21]} Bf5 {[%clk 1:28:55]} 4. Bd3
{[%clk 1:30:39]} Bg6 {[%clk 1:24:13]} 5. Ne5 {[%clk 1:25:01]} e6 {[%clk 1:23:09]}
6. O-O {[%clk 1:20:51]} Bd6 {[%clk 1:22:04]} 7. Nd2 {[%clk 1:19:54]} c5
{[%clk 1:20:29]} 8. b3 {[%clk 1:17:39]} Qc7 {[%clk 1:15:16]} 9. Bb2
{[%clk 1:13:09]} cxd4 {[%clk 1:10:37]} 10. exd4 {[%clk 1:13:19]} Bxd3
{[%clk 1:10:00]} 11. cxd3 {[%clk 1:13:22]} O-O {[%clk 1:08:33]} 12. f4
{[%clk 1:00:50]} Nc6 {[%clk 1:06:37]} 13. Qe2 {[%clk 0:53:49]} Qb6
{[%clk 1:04:07]} 14. Ndf3 {[%clk 0:52:27]} a5 {[%clk 1:03:12]} 15. Rab1
{[%clk 0:23:05]} a4 {[%clk 0:55:25]} 16. Bc3 {[%clk 0:22:36]} Qc7
{[%clk 0:53:50]} 17. Rfc1 {[%clk 0:14:09]} Rfc8 {[%clk 0:51:24]} 18. b4
{[%clk 0:14:17]} Na7 {[%clk 0:38:46]} 19. a3 {[%clk 0:14:10]} Nb5
{[%clk 0:36:13]} 20. Bb2 {[%clk 0:14:31]} Qb6 {[%clk 0:36:30]} 21. g3
{[%clk 0:12:04]} h6 {[%clk 0:27:08]} 22. Kg2 {[%clk 0:09:47]} Qd8
{[%clk 0:26:03]} 23. Qd1 {[%clk 0:08:55]} Bxe5 {[%clk 0:21:43]} 24. dxe5
{[%clk 0:08:30]} Ng4 {[%clk 0:21:11]} 25. Qe2 {[%clk 0:08:07]} d4
{[%clk 0:20:20]} 26. Nxd4 {[%clk 0:07:26]} Nxd4 {[%clk 0:20:40]} 27. Qxg4
{[%clk 0:07:50]} Qd5+ {[%clk 0:20:42]} 28. Kh3 {[%clk 0:07:37]} Nf3
{[%clk 0:18:31]} 29. f5 {[%clk 0:01:43]} Ng5+ {[%clk 0:16:14]} 30. Kh4
{[%clk 0:02:10]} Qg2 {[%clk 0:16:17]} 31. Rh1 {[%clk 0:01:30]} Nf3+
{[%clk 0:16:15]} 0-1

[Event "WYCC Girls U14"]
[Site "Porto Carras"]
[Date "2015.10.26"]
[Round "2.10"]
[White "Wang, Annie"]
[Black "Yan, Tianqi"]
[Result "1-0"]
[BlackElo "1799"]
[WhiteElo "2087"]
[LiveChessVersion "1.4.6"]

1. d4 {[%clk 1:30:57]} Nf6 {[%clk 1:30:53]} 2. c4 {[%clk 1:31:22]} e6
{[%clk 1:31:17]} 3. Nc3 {[%clk 1:31:44]} Bb4 {[%clk 1:31:39]} 4. Qc2
{[%clk 1:32:08]} O-O {[%clk 1:32:01]} 5. a3 {[%clk 1:32:33]} Bxc3+
{[%clk 1:32:24]} 6. Qxc3 {[%clk 1:32:55]} Ne4 {[%clk 1:32:05]} 7. Qc2
{[%clk 1:33:12]} d5 {[%clk 1:32:26]} 8. Nf3 {[%clk 1:31:16]} Nd7 {[%clk 1:29:16]}
9. Bf4 {[%clk 1:28:16]} c6 {[%clk 1:25:53]} 10. e3 {[%clk 1:26:52]} h6
{[%clk 1:20:09]} 11. Bd3 {[%clk 1:23:02]} Nef6 {[%clk 1:18:39]} 12. O-O
{[%clk 1:19:49]} dxc4 {[%clk 1:17:55]} 13. Bxc4 {[%clk 1:18:48]} Qe7
{[%clk 1:10:35]} 14. Rfd1 {[%clk 1:13:28]} b6 {[%clk 0:53:38]} 15. Ba2
{[%clk 0:59:30]} Bb7 {[%clk 0:53:20]} 16. Ne5 {[%clk 0:58:31]} Nxe5
{[%clk 0:52:39]} 17. dxe5 {[%clk 0:53:25]} Nd5 {[%clk 0:50:44]} 18. Bb1
{[%clk 0:52:37]} f5 {[%clk 0:50:43]} 19. exf6 {[%clk 0:51:00]} Qxf6
{[%clk 0:50:54]} 20. Bg3 {[%clk 0:47:16]} Rad8 {[%clk 0:48:43]} 21. Qh7+
{[%clk 0:39:03]} Kf7 {[%clk 0:49:10]} 22. Bc2 {[%clk 0:39:11]} Ne7
{[%clk 0:45:52]} 23. Qe4 {[%clk 0:29:49]} Nf5 {[%clk 0:44:09]} 24. Be5
{[%clk 0:27:35]} Qh4 {[%clk 0:42:33]} 25. Rxd8 {[%clk 0:22:01]} Rxd8
{[%clk 0:39:58]} 26. Qf3 {[%clk 0:22:05]} Rd5 {[%clk 0:15:21]} 27. Bc3
{[%clk 0:17:30]} Ke7 {[%clk 0:08:37]} 28. Be4 {[%clk 0:15:23]} c5
{[%clk 0:06:04]} 29. Bxd5 {[%clk 0:14:05]} Bxd5 {[%clk 0:06:32]} 30. Qe2
{[%clk 0:14:21]} Kf8 {[%clk 0:05:21]} 31. Re1 {[%clk 0:12:29]} Nd6
{[%clk 0:05:05]} 32. f3 {[%clk 0:10:27]} b5 {[%clk 0:05:01]} 33. e4
{[%clk 0:09:49]} Bc4 {[%clk 0:05:15]} 34. Qe3 {[%clk 0:09:24]} Nb7
{[%clk 0:05:15]} 35. Rd1 {[%clk 0:09:15]} Qe7 {[%clk 0:05:15]} 36. Be5
{[%clk 0:09:01]} b4 {[%clk 0:04:43]} 37. axb4 {[%clk 0:08:34]} cxb4
{[%clk 0:05:07]} 38. Rc1 {[%clk 0:08:48]} Na5 {[%clk 0:05:03]} 39. b3
{[%clk 0:08:40]} Bxb3 {[%clk 0:05:01]} 40. Rc8+ {[%clk 0:38:59]} Kf7
{[%clk 0:35:25]} 41. Rc6 Ke8 42. Rd6 1-0